[Event "Belgrade City-chT"]
[Site "Belgrade"]
[Date "2013.11.02"]
[Round "3"]
[White "Molnar, Sasa"]
[Black "Knezevic, Mladen Z"]
[Result "0-1"]
[WhiteElo "2106"]
[BlackElo "2145"]
[PlyCount "102"]
[EventDate "2013.10.26"]
[EventType "team-tourn"]
[EventRounds "11"]
[EventCountry "SRB"]
[SourceTitle "EXT 2015"]
[Source "ChessBase"]
[SourceDate "2014.11.20"]
[SourceVersion "1"]
[SourceVersionDate "2014.11.20"]
[SourceQuality "1"]

1. e4 c6 2. d4 d5 3. exd5 cxd5 4. Bd3 Nc6 5. c3 Nf6 6. Bf4 Qb6 7. Qb3 Qxb3 8. axb3 Bg4 9. b4 Nh5 10. Be3 b6 11. Ba6 Bc8 12. Bxc8 Rxc8 13. b5 Na5 14. b4 Nc4 15. Rxa7 e6 16. Ne2 Be7 17. Rb7 Bd8 18. g4 Nf6 19. Bf4 Ra8 20. f3 Ra2 21. Ng3 0-0 22. 0-0 Ne8 23. Rd7 Nf6 24. Rb7 Ne8 25. Rd7 Bh4 26. Rf2 Ra1 27. Rf1 g5 28. Bb8 Nf6 29. Rb7 Nd7 30. Rxd7 Rxb8 31. Nd2 Rxf1+ 32. Ndxf1 Na3 33. Ne3 Nxb5 34. c4 Nxd4 35. Kg2 Ra8 36. cxd5 Ra2+ 37. Kf1 Nxf3 38. dxe6 Nxh2+ 39. Kg1 Nf3+ 40. Kf1 Bxg3 41. Rd8+ Kg7 42. Nf5+ Kf6 43. Nxg3 Kxe6 44. Rb8 Ke5 45. Rxb6 Kf4 46. Nh1 Ra1+ 47. Kg2 Rg1+ 48. Kf2 Rxh1 49. Rf6+ Kxg4 50. Rxf3 Rb1 51. Rxf7 h5 0-1